000 01453cam a2200169 4500500
005 20260405024716.0
041 _afre
042 _adc
100 1 0 _aVeyret, Yvette
_eauthor
700 1 0 _aLaganier, Richard
_eauthor
700 1 0 _aScarwell, Helga-Jane
_eauthor
700 1 0 _aMiossec, Alain
_eauthor
245 0 0 _aL'environnement : Concepts, enjeux et territoires
260 _bArmand Colin,
_c2024.
520 _aL’environnement ne désigne pas la seule nature, et n’est pas non plus synonyme de géographie physique ou d’écologie mais englobe l’ensemble des relations d’interdépendances entre l’homme, les sociétés et les composantes physiques de la nature.Cet ouvrage présente la manière dont la géographie traite de l’environnement: quelles sont les relations entre le système naturel et les sociétés ? Comment évaluer les risques, les nuisances, les ressources et les patrimoines, par définition aux interfaces de la nature et de la société ? Comment gérer l’environnement au travers de choix d’aménagement ?Qui sont les acteurs en présence ? Quelle action publique est envisageable entre ces différents partenaires ?Un large panorama sur une notion centrale en géographie, assorti de nombreux exemples et d’études de cas localisées.
856 4 1 _uhttps://shs.cairn.info/l-environnement-2e-ed--9782200639037?lang=fr&redirect-ssocas=7080
999 _c2140708
_d2140708